Online Catalogue and eLibrary

Titu mir : (Record no. 3388)

MARC details
000 -LEADER
fixed length control field 00412nam a2200181Ia 4500
005 - DATE AND TIME OF LATEST TRANSACTION
control field 20241128043005.0
008 - FIXED-LENGTH DATA ELEMENTS--GENERAL INFORMATION
fixed length control field 240331s9999 xx 000 0 und d
020 ## - INTERNATIONAL STANDARD BOOK NUMBER
ISBN 817046174X
082 ## - DDC Classification
Item Number - Author Mark DEV
Class No. 894
100 ## - MAIN ENTRY--PERSONAL NAME
Personal name Devi , M
245 #0 - TITLE STATEMENT
Title Titu mir :
Remainder of title mahasweta devi
260 ## - PUBLICATION, DISTRIBUTION, ETC.
Place of publication, distribution, etc. Calcutta
Name of publisher, distributor, etc. Seagull
Date of publication, distribution, etc. 2000
300 ## - PHYSICAL DESCRIPTION
Extent (e.g. Volumes, Pages etc.) 121 p .,
650 ## - SUBJECT ADDED ENTRY--TOPICAL TERM
Topical term or geographic name entry element Social
650 ## - SUBJECT ADDED ENTRY--TOPICAL TERM
Topical term or geographic name entry element Political
650 ## - SUBJECT ADDED ENTRY--TOPICAL TERM
Topical term or geographic name entry element Economic
942 ## - Koha item type (Biblio)
Koha item type Books in Stacks (Lending)
Holdings
Lost status Damaged status Collection code Home library Current library Shelving location Date acquired Full call number Accession Number Item type
    Lending WERC Library WERC Library Social Science Cupboard 03/31/2024 894 DEV 4226 Books in Stacks (Lending)

© WERC Library